000 00901nam a22002537a 4500
999 _c21510
_d21510
003 AR-CdUCM
008 190220b ||||| |||| 00| 0 spa d
020 _a9789972512629
040 _aMUNICIPALIDAD PROVINCIAL DEL CUSCO
_cBIBLIOTECA MUNICIPAL DEL CUSCO
082 _a320.098/T20
_bT20
245 _aEl estado, viejo desconocido :
_bvisiones dele stado en el Perú /
_cEditor Martín Tanaka
260 _aLima :
_bInstituto de Estudios Peruanos, IEP,
_c2010.
300 _a351 páginas. :
_c20 cm.
440 _aSerie Perú Problema,
_n35.
_945158
650 _aInversiones extranjeras
_97179
650 _aDesastres naturales
_924490
650 _aTransporte urbano
_931950
650 _aPolítica gubernamental
_925230
650 _aPerú
_945159
700 _aTanaka, Martín (editor)
_945160
710 _aInstituto de Estudios Peruanos (Lima)
_99759
942 _2ddc
_cLIBROS
945 _aRoel